التحليل المالي و المحاسبي : (رقم التسجيلة. 18995)

تفاصيل مارك
000 -LEADER
fixed length control field 00565nam a22001697a 4500
005 - DATE AND TIME OF LATEST TRANSACTION
control field 20251108164959.0
008 - FIXED-LENGTH DATA ELEMENTS--GENERAL INFORMATION
fixed length control field 250721s1998 xx 000 0 ara d
082 14 - DEWEY DECIMAL CLASSIFICATION NUMBER
Classification number 657.48/صاد
100 1# - MAIN ENTRY--PERSONAL NAME
Personal name الحسني، صادق
245 10 - TITLE STATEMENT
Title التحليل المالي و المحاسبي :
Remainder of title دراسة معاصرة في الأصول العلمية و تطبيقاتها /
264 1# - PRODUCTION, PUBLICATION, DISTRIBUTION, MANUFACTURE, AND COPYRIGHT NOTICE
Place of production, publication, distribution, manufacture عمان :
Name of producer, publisher, distributor, manufacturer دار مجدلاوي،
Date of production, publication, distribution, manufacture, or copyright notice 1998.
300 ## - PHYSICAL DESCRIPTION
Extent 447ص
650 17 - SUBJECT ADDED ENTRY--TOPICAL TERM
Topical term or geographic name as entry element المحاسبة
650 17 - SUBJECT ADDED ENTRY--TOPICAL TERM
Topical term or geographic name as entry element المحاسبة المالية
942 ## - ADDED ENTRY ELEMENTS (KOHA)
Source of classification or shelving scheme Dewey Decimal Classification
Koha item type كتب
المقتنيات
حالة السحب حالة الفقدان مصدر التصنيف حالة التلف غير قابل للإعارة المكتبة الرئيسية المكتبة الحالية موقع الرف تاريخ التزويد الرقم المتسلسل Total Checkouts رقم الإستدعاء تاريخ آخر ظهور تاريخ الفاتورة نوع المادة (كوها)
    Dewey Decimal Classification Unchecked   مكتبة الاميرة بديعة مكتبة الاميرة بديعة الإعارة 06/07/2004 6646   657.48/صاد 28/07/2025 06/07/2004 كتب
    Dewey Decimal Classification Unchecked   مكتبة وادي السير العامة مكتبة وادي السير العامة الإعارة 06/07/2004 7521   657.48/صاد 28/07/2025 06/07/2004 كتب
Implemented & Customized by: BBB with SCIT (Smart Chains for Information Technology)

Powered by Koha